| 000 | 00973cab a22001935a 4500 | ||
|---|---|---|---|
| 001 | L146160 | ||
| 008 | 081212s2008 xxk f 000 0 eng d | ||
| 035 | _a(Sirsi) u146160 | ||
| 041 | 0 | _aeng | |
| 100 | 1 | _aRostron, A. | |
| 245 | 0 | 0 |
_aSick building syndrome _ba review of causes, consequences and remedies |
| 260 | _c2008 | ||
| 490 | 0 |
_aJournal of Retail and Leisure Property _v7(4) 2008, 291-303(13) |
|
| 520 | _aDiscusses the causes, consequences and means of improving sick building syndrome (SBS). Reviews and analyses the potential causes of SBS in terms of heating and ventilation systems, temperature, indoor air pollutants, noise, lighting, hygrothermal factors and psychological factors. Offers a means of eliminating and/or reducing the effects of SBS by architectural design, mechanical and engineering design, maintenance policies and management techniques. | ||
| 590 | _aKA | ||
| 651 | 4 | _aInternational | |
| 690 |
_aHealth and safety _96244 |
||
| 942 | _n0 | ||
| 999 |
_c81059 _d81059 |
||